1974 1341 1525 1677 1030 1953 1907 1846 1469 1410 1574 1301 1696 1789 1841 1269 1024 1001 1044 1531 1762 1823 1036 1759 1306 1409 1300 1479 1925 1073 1817 1581 1953 1390 1260 1073 1404 1690 1564 1947 1617 1752 1065 1914 1498 1755 1329 1155 1918 1280 1465 1199 1249 1309 1336 1684 1611 1871 1666 1665 1771 1478 1755 1383 1177 1850 1016 1512 1937 1079 1077 1226 1198 1363 1881 1027 1448 1752 1139 1875 1798 1960 1773 1080 1293 1982 1923 1058 1304 1985 1450 1837 1518 1101 1724 1974 1701 1335 1405 BCNSPRNW ULIB Ver.6.0+V

เปลี่ยนเป็นภาษาไทย

Change to English
 แสดงรายละเอียดบรรณานุกรม
  กลับหน้าหลัก

Brief Record : Get Marc (ISO 2709) : E-mail record : QR code < ปิดหน้าต่าง
LEADER : 00000nam 2200000uu 4500
001    13399122247
003     ULIB
008    130116s||||||||th 000 0 tha d
020    ^a9786162131110
050    ^aPL4167^bฐ361ร
100    ^aฐิติรัตน์ เกิดหาญ
245    ^aร้อยแปด (108) คำควบกล้ำ
250    ^aพิมพ์ครั้งที่ 1
260    ^aสกายบุ๊กส์ :^bปทุมธานี,^c2554
300    ^a264 หน้า;^b21 ซม.
650    ^aคำควบกล้ำ^xภาษาไทย
945    ^p115^l0^i19740
945    ^p115^l0^i19784
999    ^aใช้งานได้ทุกระบบ
รายการนี้ยังไม่มีแท็ก
คุณยังไม่ได้ล็อกอิน คุณสามารถมีกิจกรรมร่วมกับเว็บไซต์ได้ แต่ต้องล็อกอินก่อน ::
  ล็อกอิน

รายการสื่อสารสนเทศ

ลำดับที่ ประเภท เลขเรียก/บาร์โค้ด สถานที่ สถานะ
1. การศึกษาทั่วไป
การศึกษาทั่วไป
PL4167 ฐ361ร  
  Barcode: 19740
ห้องสมุดวิทยาเขตสวรรค์ประชารักษ์
►หนังสือทั่วไป
บนชั้น
2. การศึกษาทั่วไป
การศึกษาทั่วไป
PL4167 ฐ361ร ฉ.2 
  Barcode: 19784
ห้องสมุดวิทยาเขตสวรรค์ประชารักษ์
►หนังสือทั่วไป
บนชั้น

รายการใกล้เคียง
    ชื่อเรื่อง [ร้อยแปด (108) คำควบกล้ำ]

    ผู้แต่ง [ฐิติรัตน์ เกิดหาญ]

BibComment


ยังไม่เคยถูกคอมเมนท์

คอมเมนท์ทรัพยากรรายการนี้
  คอมเมนท์: ร้อยแปด 108 คำคว..


 Copyright 2026. Bcnsprnw @Library